00836nam a22002537a 45000010005000000030006000050050017000110080041000280200018000690400029000870820012001161000023001282450109001512500027002602600035002873000045003225050007003675200080003745210019004545210018004736500025004916500038005167000028005545112FISKH20241106145143.0241106b cb ||||| |||| 00| 0 eng d a9780545767255 aFISKHbengcFISKHdFISKH a398.209 aCharlesworth, Liza aThe three billy goats /cA Folk & Fairy Tale Reader retold by Liza Charlesworth illustrated by lan Smith aFirst printing in 2014 aNew York :bScholastic,c2014. a16 pages :bColor illustrations ;c23 cm aN  aGoats like to eat grass. But trolls like to eat goats! What's a goat to do?8 a560L bLexile 8 aN bRaz-Plus  2Fairy talesaFiction 2PaperbackaJust Right Reading Set aSmith, IandIllustrator